| 000 | 00791nam a2200169 a 4500 | ||
|---|---|---|---|
| 001 | 000015724 | ||
| 005 | 20240229161930.0 | ||
| 008 | 100217s1957 dr 000 0 spa d | ||
| 040 |
_aDO-SdBNP _bspa _cBNPHU |
||
| 082 |
_axxx _bP438t |
||
| 100 | 1 |
_aPérez, Carlos Federico, _d1912-1984 _924849 |
|
| 245 | 1 | 0 |
_aTrascendencia histórica de una fecha / _cCarlos Federico Pérez. |
| 260 |
_aCiudad Trujillo, República Dominicana : _bPublicaciones del Partido Dominicano, _c1957. |
||
| 300 |
_a20 p. ; _c23 cm. |
||
| 500 | _aTexto de la conferencia pronunciada en el auditorium del palacio de la Junta Central Directiva del Partido Dominicano, en la noche del 17 de julio de 1957, con motivo de conmemorarse el X aniversario de la cancelación de la deuda externa de la República | ||
| 049 | _aBNPD | ||
| 999 |
_c15274 _d15274 |
||